000 01280cam a2200373 4500
999 _c24099
_d24099
001 vtls012284979
005 20251219141316.0
008 251008s2025 xo g 010 f slo
020 _a9788057500308
_q(viazané)
040 _aSNK
_bslo
_cSNK
_erda
041 1 _aslo
_hfre
044 _axo
_cSK
072 7 _a821.133.1-3
_xFrancúzska próza, francúzsky písaná
_2konspekt
080 _a821.133.1-31
_22011
080 _a(0:82-312.4)
_22011
100 1 _aReno, Jean,
_d1948-
_4aut
_95370
240 1 0 _aEmma
_lSlovensky
245 1 0 _aEmma
_cJean Reno ; preložila Jarmila Pospěchová
264 1 _aBratislava
_bIkar, a.s.
_c2025
300 _a268 strán
_c21 cm
336 _atext
_btxt
_2rdacontent
337 _abez média
_bn
_2rdamedia
338 _azväzok
_bnc
_2rdacarrier
500 _aObsahuje stručné biografické údaje o autorovi na zadnej strane obálky publikácie
500 _aNa obálke uvedené: Debutový román slávneho herca
655 7 _afrancúzske romány
_2SNKPH
_92368
655 7 _atrilery (romány)
_2SNKPH
_92135
655 7 _aFrench fiction
_2SNKPHeng
_92366
655 7 _aThrillers (novels)
_2SNKPHeng
_91722
700 1 _aPospěchová, Jarmila
_4trl
_94542
958 _aLX
958 _aUP